Responses for Show #7681 - Monday, January 22, 2018

Rachel Lindgren game 2.

Contestants

[<< previous game]

Adrianne Woodward, an office assistant from Rancho Cucamonga, California

Gerard Simonette, a retired mental health professional from Northampton, Massachusetts

Rachel Lindgren, a fire lookout from Bend, Oregon (whose 1-day cash winnings total $24,800)

[next game >>]

Jeopardy! Round responses

MYOPIC BIOPICS
COUNTRY NICKNAMES
YOU GOTTA STAND FOR SOMETHING
A GOOD BOOK
CAMPBELLS
SOUP
    $200 3
Braveheart

Rachel
    $200 7
New Zealand

Rachel
    $200 13
a red blood cell

Rachel
    $200 2
the red and the black

Gerard
    $200 25
Eliza Doolittle

Adrianne
    $200 1
turtle

Adrianne
    $400 16
Sid and Nancy

Rachel
    $400 8
Japan

Rachel
    $400 14
(Adrianne: What is...)

global warming

RachelAdrianne
    $400 5
I, Claudius

Gerard
    $400 26
Naomi Campbell

Rachel
    $400 4
beans

Gerard
    $600 19
A Beautiful Mind

Adrianne
    $600 9
South Africa

Gerard
    $600 15
extended play

Adrianne
    $600 6
Perfume

Triple Stumper
    $600 28
[The end-of-round signal sounds.]

Outlander

Gerard
    $600 21
menudo

Adrianne
    $800 20
Tupac Shakur

Adrianne
    $800 10
(Gerard: What is Byelorussia?)

Belarus

GerardAdrianne
    $800 17
India Pale Ale

Rachel
    $800 11
A Pilgrim's Progress

Adrianne
    $800 22
cabbage

Adrianne
    $1,500 24
(Alex: And we have less than a minute now.)

Harry Houdini

Adrianne
    $1000 27
Thailand

Rachel
    $1000 18
curriculum vitae

Rachel
    $1000 12
(Adrianne: What is My Life?)
(Gerard: What is My Battle?)

My Struggle

RachelGerardAdrianne
    $1000 23
vichyssoise

Triple Stumper

Scores at the first commercial break (after clue 15):

Rachel Gerard Adrianne
$2,400 -$200 $1,000

Scores at the end of the Jeopardy! Round:

Rachel Gerard Adrianne
$6,000 $400 $5,500

Double Jeopardy! Round responses

ANOTHER FINE MEZZO
FURNITURE
FROM "C" TO "D"
TELEVISION
CRUSADERS
LIGHT HEADED
    $400 15
Carmen

Gerard
    $400 14
King Louis XIV

Gerard
    $400 8
cubed

Adrianne
    $400 2
America's Got Talent

Adrianne
    $400 1
Jerusalem

Adrianne
    $400 20
the Northern Lights

Rachel
    $1,500 16
(Gerard: Who is Hansel?)
(Alex: I need 'em both, sorry. [*].)

Hansel and Gretel

Gerard
    $800 27
[The end-of-round signal sounds.]

desks

Adrianne
    $800 10
a coward

Rachel
    $800 3
(Rachel: What is CNN?)

CNBC

RachelGerard
    $800 4
the plague

Triple Stumper
    $3,000 21
(Alex: And we have less than a minute now.)

color

Rachel
    $1200 17
Die Fledermaus

Triple Stumper
    $1200 11
Chopped

Adrianne
    $1200 9
The Odd Couple

Rachel
    $1200 5
the Ottoman Empire

Gerard
    $1200 22
a ballast

Triple Stumper
    $1600 18
(Adrianne: What is Hamilton?)

Nixon in China

GerardAdrianne
    $1600 25
a cuspid

Adrianne
    $1600 12
Battle of the Network Stars

Adrianne
    $1600 6
(Gerard: What are the Knights Templar?)
(Rachel: Who are the Knights of Columbus?)
(Adrianne: What are the Knights of the Red Cross?)

the Knights Hospitaller or the Knights of Malta

RachelGerardAdrianne
Triple Stumper
    $1600 23
pollution

Rachel
    $2000 19
(Adrianne: Who is Horne?)
(Alex: I need more than that.)
(Adrianne: Marian. I don't know.)

Marilyn Horne

Adrianne
Triple Stumper
    $2000 26
the Coast Guard

Triple Stumper
    $2000 13
Broadchurch

Adrianne
    $2000 7
Antioch

Rachel
    $2000 24
the limelight

Rachel

Scores at the end of the Double Jeopardy! Round:

Rachel Gerard Adrianne
$14,600 $1,700 $8,700

[wagering suggestions for these scores]

Final Jeopardy! Round responses

WORLD CITY NAMES
GerardWhat is New Siberia
$1,699
AdrianneWhat is New Siberia?
$7,000
RachelWhat is New Siberia
$2,801
New Siberia

Final scores:

Rachel Gerard Adrianne
$17,401 $3,399 $15,700
2-day champion: $42,201 3rd place: $1,000 2nd place: $2,000

Game dynamics:

Coryat scores:

Rachel Gerard Adrianne
$12,400 $3,200 $8,200
18 R
(including 1 DD),
2 W
10 R,
4 W
(including 1 DD)
18 R
(including 1 DD),
5 W

Combined Coryat: $23,800

[game clues] [game scores] [suggest correction]

Game tape date: 2017-11-01
The J! Archive is created by fans, for fans. Scraping, republication, monetization, and malicious use prohibited; this site may use cookies and collect identifying information. See terms. The Jeopardy! game show and all elements thereof, including but not limited to copyright and trademark thereto, are the property of Jeopardy Productions, Inc. and are protected under law. This website is not affiliated with, sponsored by, or operated by Jeopardy Productions, Inc. Join the discussion at JBoard.tv.